Metódy súčasného manažmentu bakalárska práca

Gespeichert in:
Bibliographische Detailangaben
1. Verfasser: Gulová, Alžbeta
Körperschaft: Fakulta podnikového manažmentu EU. Katedra manažmentu
Weitere Verfasser: Papulová, Emília
Format: Buch
Sprache:Slowakisch
Veröffentlicht: Bratislava 2011
Tags: Tag hinzufügen
Keine Tags, Fügen Sie das erste Tag hinzu!

MARC

LEADER 00000nbm a2200000 4500
001 0131239
005 20161109111417.6
041 0 |a slo 
044 |a SK 
245 1 0 |a Metódy súčasného manažmentu  |b bakalárska práca  |c Alžbeta Gulová ; školiteľ: Emília Papulová 
264 1 |a Bratislava  |c 2011 
300 |a 65 s. 
100 1 |a Gulová, Alžbeta 
700 1 |a Papulová, Emília 
710 2 |a Fakulta podnikového manažmentu EU. Katedra manažmentu